| 000 | 00430nam a22001697a 4500 | ||
|---|---|---|---|
| 005 | 20160429152327.0 | ||
| 008 | 160429b xxu||||| |||| 00| 0 eng d | ||
| 020 | _a81-7629-903-0 | ||
| 041 | _aeng | ||
| 082 | _b00939 | ||
| 100 |
_aDas gupta Manas _9274 |
||
| 245 | _aRoserch methodology in Economics | ||
| 260 |
_aNew Delhi _bDeep & Deep Publication Pvt. Ltd. _c2007 |
||
| 300 | _a196 | ||
| 650 |
_aManagement _9241 |
||
| 942 | _cBK | ||
| 999 |
_c314 _d314 |
||